书目信息 |
| 题名: |
明日之中国文化
|
|
| 作者: | 张君劢 著 | |
| 分册: | ||
| 出版信息: | 济南 山东人民出版社 1998.6 |
|
| 页数: | 113页 | |
| 开本: | 20cm | |
| 丛书名: | 现代中国思想论著选粹 | |
| 单 册: | ||
| 中图分类: | G03 | |
| 科图分类: | ||
| 主题词: | 文化--民族性 | |
| 电子资源: | ||
| ISBN: | 7-209-02260-0 | |
| 000 | 00625nam0 2200217 45 | |
| 001 | 0104051518 | |
| 005 | 20031219104049.4 | |
| 010 | @a7-209-02260-0@dCNY9.60 | |
| 100 | @a20010405d1998 km y0chiy0120 ea | |
| 101 | 0 | @achi |
| 105 | @a z 000yy | |
| 200 | 1 | @a明日之中国文化@AMing Ri Zhi Zhong Guo Wen Hua@f张君劢著@FZhang Jun MaiZhu |
| 210 | @a济南@c山东人民出版社@d1998.6 | |
| 215 | @a113页@d20cm | |
| 225 | @a现代中国思想论著选粹 | |
| 410 | @12001 @a现代中国思想论著选粹 | |
| 606 | 0 | @a文化@x民族性 |
| 690 | @aG03@v1 | |
| 701 | 0 | @a张君劢@4著 |
| 801 | @aCN@bTSTC@c20010514 | |
| 905 | @a213230@f3@b296450-452@e18@dG03 | |
| 明日之中国文化/张君劢著.-济南:山东人民出版社,1998.6 |
| 113页;20cm.-(现代中国思想论著选粹) |
| ISBN 7-209-02260-0:CNY9.60 |
| ● |
| 相关链接 |
|
|
|
|
正题名:明日之中国文化
索取号:G03/18
 
预约/预借
| 序号 | 登录号 | 条形码 | 馆藏地/架位号 | 状态 | 备注 |
| 1 | 0296450 | 002964509 | 第四借阅区/ [索取号:G03/18] | 在馆 | |
| 2 | 0296451 | 002964518 | 第四借阅区/ [索取号:G03/18] | 在馆 | |
| 3 | 0296452 | 002964527 | 第一样本阅览室/ [索取号:G03/18] | 在馆 |